000 00390nam a22001937a 4500
003 UA-OsUOA
001 4247
007 ta
008 20050721b un ||||| |||| 00| 0 ukr d
100 _aH.Rassell
700 _aDavid
700 _aGates
700 _aDoris
942 _cBK
040 _aUA-OsUOA
_cUA-OsUOA
_dUA-OsUOA
245 _aWings to Adventure.
955 _a2
650 7 _2UDC
999 _c290409
_d290409